| 000 | 00748cam a2200265 a 4500 | ||
|---|---|---|---|
| 999 |
_c7041 _d7041 |
||
| 001 | 7041 | ||
| 003 | BD-JhCC | ||
| 005 | 20180224131251.0 | ||
| 008 | 860916t19661965enk 000 1 eng c | ||
| 020 | _a0435900226 (pbk.) | ||
| 035 | _a(BD-JhCC)7041 | ||
| 040 |
_aMH _cMH _dDLC |
||
| 041 | _aeng | ||
| 050 | 1 | 4 |
_aPR9378.9.P46 _bS4x 1979 |
| 082 |
_bPET 1965 _a821.914 |
||
| 100 | 1 |
_aPeters, Lenrie, _d1932-2009. |
|
| 245 | 1 | 4 |
_aThe second round / _cLenrie Peters. |
| 260 |
_aLondon : _bHeinemann Educational, _c1966, c1965 _g(1979 printing) |
||
| 300 |
_axi, 193 p. ; _c19 cm. |
||
| 440 | 0 |
_aAfrican writers series ; _v22 |
|
| 500 | _a"An H.E.B. paperback"--P. [4] of cover. | ||
| 651 | 0 |
_aAfrica _vPoetry. |
|
| 942 |
_2ddc _cBK |
||